Toutes les Techniques de Caleb Stonewall/Fudou Akio D'Inazuma Eleven - Statistiques

Statistiques générales
  • Ce quiz a été pris 37 fois
  • Le résultat moyen est 5 sur 10
Statistiques - réponses
Réponse Type de quiz Première Utilisation % Correct
Manchot Empereur N°3 TIR S3
93%
Champ d'Énergie ATT S3
89%
Tacle de la Mort DEF MANGA
71%
Passage en Force 2 ATT MANGA
57%
Manchot Empereur N°2 TIR ARES
50%
Maximum Circus TIR ORION
32%
Tir Puissance 2 TIR ARES
25%
Triangle de la Mort TIR ORION
25%
Death Crush Zone TIR ORION
21%
Manchot Empereur N°2 featuring Shark TIR ORION
21%
Aucun quiz correspondant
Distribution des résultats
% des personnes avec chaque résultat
Percentile par nombre de réponses
Votre historique - résultats
Vous n’avez pas pris ce quiz